| 000 | 00644cam a22001817a 4500 | ||
|---|---|---|---|
| 008 | 180718b2011 xxu||||| |||| 00| 0 eng d | ||
| 020 | _a0198071191 | ||
| 082 | _aT000x54 H136 | ||
| 100 | _aHaldea, Gajendra | ||
| 245 |
_aInfrastructure at crossroads: the challenges of governance _cby Gajendra Haldea |
||
| 260 |
_aNew Delhi _bOxford Univ. Press _c2011 |
||
| 300 | _a263p. | ||
| 650 | _aTransportation and state --India | ||
| 650 | _aElectric utilities --Government policy --India | ||
| 650 | _aElectric utilities --India | ||
| 650 | _aInfrastructure (Economics) --Government policy --India | ||
| 650 | _aInfrastructure (Economics) --India | ||
| 999 |
_c442503 _d442503 |
||